Normal view
MARC view
- Vera, Vicente,
Entry Nombre Personal
001 - NUMERO DE CONTROL
- campo de control: 52945
003 - IDENTIFICADOR DE NUMERO DE CONTROL
- campo de control: MX-MxUPN
005 - FECHA Y HORA DE LA ÜLTIMA TRANSACCIÓN
- campo de control: 20240808103434.0
008 - DATOS DE LONGITUD FIJA
- campo de control de longitud fija: 240808|| aca||aabn | aaa d
010 ## - NÚMERO DE CONTROL DE LA BIBLIOTECA DEL CONGRESO
- Número de control LC: n 2006040108
035 ## - NUMERO DE CONTROL
- Número de control: (OCoLC)oca06946263
040 ## - FUENTE DE CATALOGACIÓN
- Agencia original de catalogación: DLC
- Lenguaje de catalogación: spa
- Agencia de transcripción: DLC
- Agencia que lo modifica: DLC
- Agencia que lo modifica: TxCM
- Agencia que lo modifica: HU
- Agencia que lo modifica: MX-MxUPN
100 1# - ENCABEZAMIENTO - NOMBRE PERSONAL
- Nombre personal: Vera, Vicente,
- Fechas asociadas con el nombre: 1855-1934
370 ## - LUGAR ASOCIADO
- Fuente del término: $naf
- Place of birth: Salamanca (España)
- Place of death: Madrid (España)
- Associated country: España
373 ## - GRUPO ASOCIADO
- Fuente del término: $naf
- Associated group: Retiro (Madrid, España)
374 ## - OCUPACIÓN
- Occupation: Científico
- Occupation: Escritor
- Occupation: Socialista
670 ## - FUENTE EN LA QUE SE LOCALIZARON DATOS
- Cita de la fuente: LC, 08 agosto 2024 :
- Información localizada: (Vera, Vicente, 1855-1934)
- Uniform Resource Identifier: https://lccn.loc.gov/n2006040108
902 ## - CATALOGADOR
- Catalogador: MaríaRobles/080824
